[Event "Stuttgart-chB int"]
[Site "Gerlingen"]
[Date "2011.06.03"]
[Round "3"]
[White "Krebs, Thomas"]
[Black "Sibahn, Mirko"]
[Result "1-0"]
[WhiteElo "1621"]
[BlackElo "1779"]
[PlyCount "75"]
[EventDate "2011.06.02"]
[EventType "swiss"]
[EventRounds "7"]
[EventCountry "GER"]
[SourceTitle "EXT 2018"]
[Source "ChessBase"]
[SourceDate "2017.10.13"]
[SourceVersion "1"]
[SourceVersionDate "2017.10.13"]
[SourceQuality "1"]

1. d4 d5 2. Nf3 e6 3. g3 c5 4. e3 Nc6 5. Bg2 Nf6 6. 0-0 Bd6 7. b3 0-0 8. Bb2 c4 9. c3 b5 10. b4 e5 11. dxe5 Nxe5 12. Nxe5 Bxe5 13. Qc2 Bb7 14. Rd1 Qe7 15. Nd2 Bc7 16. Nf3 a5 17. a3 a4 18. Nd4 Ba6 19. Re1 Ne4 20. f3 Nf6 21. Rad1 Rae8 22. Re2 Qe5 23. Rde1 Qh5 24. e4 dxe4 25. fxe4 Nd7 26. Bc1 Ne5 27. Bf4 f6 28. Bxe5 fxe5 29. Nf5 Bb6+ 30. Kh1 Rd8 31. Ne7+ Kh8 32. Nd5 Qg6 33. Qc1 Rf7 34. Rf1 Rdf8 35. Rxf7 Rxf7 36. Qd1 Bd8 37. Bh3 Qh5 38. Nf4 1-0

[Event "Stuttgart-chB int"]
[Site "Gerlingen"]
[Date "2011.06.02"]
[Round "2"]
[White "Sibahn, Mirko"]
[Black "Haro, Niel"]
[Result "0-1"]
[WhiteElo "1779"]
[BlackElo "1519"]
[PlyCount "66"]
[EventDate "2011.06.02"]
[EventType "swiss"]
[EventRounds "7"]
[EventCountry "GER"]
[SourceTitle "EXT 2018"]
[Source "ChessBase"]
[SourceDate "2017.10.13"]
[SourceVersion "1"]
[SourceVersionDate "2017.10.13"]
[SourceQuality "1"]

1. e4 c5 2. Nf3 Nc6 3. d4 cxd4 4. Nxd4 Nf6 5. Nc3 e6 6. Bf4 a6 7. e5 Ng8 8. Nf3 Bb4 9. Qd3 Nge7 10. a3 Ba5 11. b4 Bb6 12. Ne4 Bc7 13. c4 h6 14. Nd6+ Bxd6 15. exd6 Ng6 16. Bd2 Qf6 17. Bc3 e5 18. c5 0-0 19. Qc2 b5 20. Bd3 Nf4 21. 0-0 Bb7 22. Be4 Rae8 23. Rfe1 Ne6 24. Nxe5 Qd8 25. Nxc6 Bxc6 26. Bxc6 dxc6 27. Qe4 Qd7 28. Qg4 f5 29. Qg6 Nf4 30. Qg3 Ne2+ 31. Rxe2 Rxe2 32. Kf1 Rfe8 33. f4 R2e3 0-1